LEADER 01129cam0-2200349---450 001 990004392950403321 005 20170615133808.0 010 $a88-88142-51-7 035 $a000439295 035 $aFED01000439295 035 $a(Aleph)000439295FED01 035 $a000439295 100 $a19990604d2004----km-y0itay50------ba 101 0 $aita 102 $aIT 105 $a----a---101yy 200 1 $aEduardo De Filippo scrittore$egiornata di studio, 20 marzo 2001, Università degli studi di Napoli "Federico II"$fa cura di Nicola De Blasi e Tonia Fiorino 210 $aNapoli$cLibreria Dante & Descartes$dc2004 215 $a319 p.$d21 cm 610 0 $aDe Filippo, Eduardo$aCongressi$aNapoli$a2001 676 $a792.092$v21$zita 676 $a852.914$v21$zita 702 1$aDe Blasi,$bNicola$f<1955- > 702 1$aFiorino,$bTonia 801 0$aIT$bUNINA$gREICAT$2UNIMARC 901 $aBK 912 $a990004392950403321 952 $a852.914 DEFE/S 1$bDip.f.m.12193$fFLFBC 952 $a852.914 DEFE/S 1BIS$bDip.f.m.12194$fFLFBC 959 $aFLFBC 996 $aEduardo De Filippo scrittore$9542431 997 $aUNINA LEADER 00819nam a2200229 i 4500 001 991004070299707536 005 20020506112858.0 008 000704s1983 ||| ||| | ||| 035 $ab10595995-39ule_inst 035 $aEXGIL131760$9ExL 040 $aBiblioteca Interfacoltà$bita 245 10$aProfili generali 260 $c1983 300 $a80 p. 440 3$aLa pubblicazione nel diritto pubblico ;$v1 490 0 $aPubblicazioni dell'Università degli studi di Salerno. Sezione di studi giuridici ;$v3 907 $a.b10595995$b23-02-17$c27-06-02 912 $a991004070299707536 945 $aLE002 Dir. VI C 21$g1$i2002000480682$lle002$o-$pE0.00$q-$rl$s- $t0$u0$v0$w0$x0$y.i10680913$z27-06-02 996 $aProfili generali$962728 997 $aUNISALENTO 998 $ale002$b01-01-00$cm$da $e-$feng$gxx $h0$i1